LEADER 02305nam 2200529 450 001 9910480935303321 005 20170822144415.0 010 $a0-8218-9457-9 035 $a(CKB)3780000000000339 035 $a(EBL)3114381 035 $a(SSID)ssj0000889311 035 $a(PQKBManifestationID)11476398 035 $a(PQKBTitleCode)TC0000889311 035 $a(PQKBWorkID)10894883 035 $a(PQKB)11057662 035 $a(MiAaPQ)EBC3114381 035 $a(PPN)195408217 035 $a(EXLCZ)993780000000000339 100 $a20150416h20112011 uy 0 101 0 $aeng 135 $aur|n|---||||| 181 $ctxt 182 $cc 183 $acr 200 00$aZeta functions for two-dimensional shifts of finite type /$fJung-Chao Ban [and three others] 210 1$aProvidence, Rhode Island :$cAmerican Mathematical Society,$d2011. 210 4$dİ2011 215 $a1 online resource (60 p.) 225 1 $aMemoirs of the American Mathematical Society,$x1947-6221 ;$vVolume 221, Number 1037 300 $a"January 2013, Volume 221, Number 1037 (first of 5 numbers)." 311 $a0-8218-7290-7 320 $aIncludes bibliographical references. 327 $a""Contents""; ""Abstract""; ""Chapter 1. Introduction""; ""Chapter 2. Periodic patterns""; ""2.1. Ordering matrices and trace operators""; ""2.2. Rotational matrices""; ""2.3. Periodic patterns""; ""Chapter 3. Rationality of _{ }""; ""Chapter 4. More symbols on larger lattice""; ""Chapter 5. Zeta functions presented in skew coordinates""; ""Chapter 6. Analyticity and meromorphic extensions of zeta functions""; ""6.1. Analyticity of zeta functions""; ""6.2. Examples""; ""Chapter 7. Equations on a???A?² with numbers in a finite field"" 327 $a""Chapter 8. Square lattice Ising model with finite range interaction""""Bibliography"" 410 0$aMemoirs of the American Mathematical Society ;$vVolume 221, Number 1037. 606 $aFunctions, Zeta 608 $aElectronic books. 615 0$aFunctions, Zeta. 676 $a515/.56 702 $aBan$b Jung-Chao$f1974- 801 0$bMiAaPQ 801 1$bMiAaPQ 801 2$bMiAaPQ 906 $aBOOK 912 $a9910480935303321 996 $aZeta functions for two-dimensional shifts of finite type$92271195 997 $aUNINA LEADER 01782oam 2200481M 450 001 9910715549403321 005 20191121065739.2 035 $a(CKB)5470000002512561 035 $a(OCoLC)1065897424 035 $a(OCoLC)995470000002512561 035 $a(EXLCZ)995470000002512561 100 $a20070221d1832 ua 0 101 0 $aeng 135 $aurcn||||||||| 181 $ctxt$2rdacontent 182 $cc$2rdamedia 183 $acr$2rdacarrier 200 10$aIn Senate of the United States, February 8, 1832. Mr. Sprague offered the following resolutions, which were read, and ordered to be printed .. 210 1$a[Washington, D.C.] :$c[publisher not identified],$d1832. 215 $a1 online resource (1 page) 225 1 $aSenate document / 22nd Congress, 1st session. Senate ;$vno. 52 225 1 $a[United States congressional serial set ] ;$v[serial no. 212] 300 $aTitle from opening lines of text. 300 $aBatch processed record: Metadata reviewed, not verified. Some fields updated by batch processes. 300 $aFDLP item number not assigned. 606 $aExecutive-legislative relations 606 $aTariff preferences 606 $aTreaties 608 $aLegislative materials.$2lcgft 615 0$aExecutive-legislative relations. 615 0$aTariff preferences. 615 0$aTreaties. 701 $aSprague$b Peleg$f1793-1880$pAnti-Jackson (ME)$01410465 801 0$bWYU 801 1$bWYU 801 2$bOCLCO 801 2$bOCLCQ 801 2$bOCLCO 801 2$bOCLCQ 906 $aBOOK 912 $a9910715549403321 996 $aIn Senate of the United States, February 8, 1832. Mr. Sprague offered the following resolutions, which were read, and ordered to be printed .$93499170 997 $aUNINA